Music Albums 2.0 - Sudden Death - Statistics

General Stats
  • This quiz has been taken 119 times
  • The average score is 4 of 50
Answers on the Grid
Answers color-coded by a green-red scale on the quiz's grid according to % correct below.
Duran Duran – Rio
Tones and I – Dance Monkey
ABBA – Waterloo
Kaiser Chiefs – Employment
Stereophonics – Maybe Tomorrow
Rosalía – Motomami
Kylie Minogue – Fever
Scorpions – Crazy World
Caesars – Jerk It Out
The Hives – Veni Vidi Vicious
Harry Styles – As It Was
Rush – Tom Sawyer
Fergie – The Dutchess
Kelis – Milkshake
Jet – Get Born
The Fratellis – Chelsea Dagger
The Darkness – Permission to Land
Dire Straits – Sultans of Swing
Van Halen – 5150
Kelly Clarkson – Breakaway
Alanis Morissette – Jagged Little Pill
Pharrell Williams – Happy
Village People – Y.M.C.A.
Avicii – Wake Me Up
John Legend – All of Me
Kings of Leon – Only by the Night
Meat Loaf – Bat Out of Hell
Spice Girls – Spiceworld
Daddy Yankee – Gasolina
Dido – No Angel
Lionel Richie – Time
Kiss – Love Gun
Ricky Martin – Livin' la Vida Loca
Imagine Dragons – Night Visions
Nelly – Nellyville
Jessie J – Who You Are
George Michael – Careless Whisper
Atmosphere – God Loves Ugly
Sting – Fields of Gold
Busta Rhymes – Arab Money
Tina Turner – Private Dancer
Earth, Wind & Fire – Spirit
Cher – Believe
Boney M. – Daddy Cool
Kesha – Tik Tok
Goo Goo Dolls – Iris
Foreigner – Agent Provocateur
Pharrell Williams – Happy
James Blunt – Back To Bedlam
Childish Gambino – This Is America
Tiësto – Just Be
Dusty Springfield – Spooky
Coolio – Gangsta's Paradise
Immortal Technique – The 3rd World
Kasabian – Club Foot
Red Hot Chili Peppers – Californication
Depeche Mode – Violator
Robbie Williams – Rudebox
Bruno Mars – Grenade
Jamiroquai – Cosmic Girl
Kate Bush – Babooshka
The Who – Who's Next
America – A Horse with No Name
Devo – Beautiful World
Goldfrapp – Supernature
No Doubt – Tragic Kingdom
Caravan Palace – Lone Digger
Sugababes – Round Round
Celine Dion – The Colour of My Love
Pink – So What
Backstreet Boys – Millennium
Frankie Goes to Hollywood – Relax
Tom Odell – Another Love
The Cardigans – Gran Turismo
Duffy – Rockferry
Hozier – Take Me to Church
Sia – Cheap Thrills
Killer Mike – Michael
Glass Animals – Heat Waves
Alan Walker – Faded
Fedde Le Grand – Output
Sean Paul – Get Busy
LL Cool J – Walking with a Panther
The Game – Doctor's Advocate
Katie Melua – Nine Million Bicycles
Moloko – Sing It Back
Ice Cube – AmeriKKKa's Most Wanted
Ed Sheeran – Shape of You
Karol G – Provenza
Ludacris – Theater of the Mind
Nujabes – Modal Soul
Fatboy Slim – The Rockafeller Skank
Rage Against The Machine – Testify
Gwen Stefani – Hollaback Girl
Justice – Cross
DMX – Ruff Ryders' Anthem
Warren G – This D.J.
Lily Allen – Smile
Xzibit – Restless
 
Answer Stats
Answer % Correct
Duran Duran – Rio
53%
ABBA – Waterloo
40%
Alanis Morissette – Jagged Little Pill
22%
Spice Girls – Spiceworld
20%
Kylie Minogue – Fever
19%
Fergie – The Dutchess
16%
Imagine Dragons – Night Visions
15%
Meat Loaf – Bat Out of Hell
15%
Nelly – Nellyville
15%
The Who – Who's Next
15%
Backstreet Boys – Millennium
12%
Red Hot Chili Peppers – Californication
12%
Kaiser Chiefs – Employment
11%
Scorpions – Crazy World
10%
The Hives – Veni Vidi Vicious
10%
James Blunt – Back To Bedlam
9%
Rosalía – Motomami
9%
Van Halen – 5150
9%
Depeche Mode – Violator
7%
Dido – No Angel
7%
Jet – Get Born
7%
Kelly Clarkson – Breakaway
7%
Earth, Wind & Fire – Spirit
6%
Ice Cube – AmeriKKKa's Most Wanted
6%
Kings of Leon – Only by the Night
6%
No Doubt – Tragic Kingdom
6%
The Darkness – Permission to Land
6%
Celine Dion – The Colour of My Love
5%
Jessie J – Who You Are
5%
Kiss – Love Gun
5%
Lionel Richie – Time
5%
Ludacris – Theater of the Mind
5%
Nujabes – Modal Soul
5%
The Cardigans – Gran Turismo
5%
Tina Turner – Private Dancer
5%
Cher – Believe
4%
Foreigner – Agent Provocateur
4%
Justice – Cross
2%
Killer Mike – Michael
2%
Robbie Williams – Rudebox
2%
Xzibit – Restless
2%
Atmosphere – God Loves Ugly
1%
Duffy – Rockferry
1%
LL Cool J – Walking with a Panther
1%
The Game – Doctor's Advocate
1%
Coolio – Gangsta's Paradise
0%
Fedde Le Grand – Output
0%
Goldfrapp – Supernature
0%
Immortal Technique – The 3rd World
0%
Tiësto – Just Be
0%
No matching quizzes found
Score Distribution
Percent of People with Each Score
Percentile by Number Answered
Your Score History
You have not taken this quiz